Moi président de la République - Statistiques

Statistiques générales
  • Ce quiz a été pris 19 fois
  • Le résultat moyen est 201 sur 410
Statistiques - réponses
Réponse % Correct
j'
100%
je
100%
à
84%
a
84%
se
84%
d'
79%
de
79%
ferai
79%
l'
79%
le
79%
mon
79%
n'
79%
ne
79%
ça
74%
pas
74%
sera
74%
en
68%
et
68%
Français.
68%
les
68%
ma
68%
qu'
68%
que
68%
que,
68%
soit
68%
ce
63%
la
63%
là,
63%
m'
63%
me
63%
serai
63%
des
58%
ministre
58%
ministres,
58%
ministres
58%
pour
58%
qui
58%
si
58%
sorte
58%
un
58%
aura
53%
aurai
53%
du
53%
est
53%
il
53%
mon
53%
pourront
53%
avec
47%
cœur
47%
pourraient
47%
premier
47%
puisse,
47%
puisse
47%
puissent
47%
sept,
47%
tout,
47%
traiterai
47%
une
47%
autant
42%
État ;
42%
été
42%
gouvernement
42%
ils
42%
mais
42%
mais,
42%
nous
42%
ont
42%
parti
42%
plus
42%
politiques
42%
puissions
42%
sens.
42%
car
37%
collaborateur.
37%
dans
37%
Élysée.
37%
justice
37%
on
37%
ou
37%
publique,
37%
sur
37%
avoir
32%
avoir,
32%
ces
32%
chaque
32%
chef
32%
cumuler
32%
déontologie
32%
dix-
32%
être
32%
exemplaire.
32%
femmes
32%
fonction
32%
hommes.
32%
intérêts.
32%
laisserai
32%
libertés.
32%
loi,
32%
magistrat
32%
majorité,
32%
majorité
32%
mandat
32%
nommer
32%
nommerai
32%
pense
32%
soient
32%
tel
32%
y
32%
aussi
26%
bon
26%
celles
26%
citoyens.
26%
collectes
26%
comportement
26%
Conseil
26%
constituerai
26%
deux
26%
fonds
26%
indépendante,
26%
indépendantes.
26%
instant
26%
leur
26%
parlementaires
26%
participerai
26%
recevrai
26%
relève
26%
temps,
26%
toujours
26%
alors
21%
avis
21%
besoin
21%
bien
21%
celui
21%
chaînes
21%
code
21%
conflit
21%
devraient
21%
directeurs
21%
douze,
21%
élections
21%
fonctionner
21%
grandes
21%
grands
21%
hauteur
21%
Magistrature
21%
manière
21%
mille
21%
nouveau
21%
nouvelles
21%
occuperai
21%
parce
21%
parquet
21%
prétention
21%
prise
21%
sociaux
21%
Supérieur
21%
syndicats,
21%
télévision
21%
vue
21%
collectivités
16%
consacrer
16%
considère
16%
considérés,
16%
contestés,
16%
évoqué
16%
façon
16%
hôtel
16%
instances
16%
instances.
16%
législatives,
16%
local
16%
locales
16%
membres
16%
même
16%
parisien.
16%
paritaire,
16%
partenaires
16%
propre
16%
proximité
16%
questions-
16%
rendre
16%
rentrer
16%
représentées.
16%
acte
11%
actes
11%
antérieurs
11%
certain
11%
certaines
11%
conditions,
11%
convocation
11%
débats,
11%
débats
11%
décentralisation
11%
devant
11%
discussion
11%
énergie,
11%
ensemble
11%
essaierai
11%
fixer
11%
impulsions
11%
négociation.
11%
nombre
11%
non
11%
organisations
11%
orientations,
11%
pénal
11%
pleinement
11%
proportionnelle
11%
réformer
11%
savoir
11%
sensibilités
11%
souci
11%
souffle,
11%
statut
11%
tâche.
11%
venaient
11%
compétences,
5%
engagerai
5%
expliquer
5%
introduirai
5%
l'
5%
légitime
5%
professionnelles
5%
régulièrement
5%
représentation
5%
Aucun quiz correspondant
Distribution des résultats
% des personnes avec chaque résultat
Percentile par nombre de réponses
Votre historique - résultats
Vous n’avez pas pris ce quiz